[Event "South Wales op 20th"]
[Site "Bridgend"]
[Date "2025.07.09"]
[Round "9"]
[White "Camacho Collados, Jose"]
[Black "Balaji, Aaravamudhan"]
[Result "1/2-1/2"]
[WhiteElo "2362"]
[BlackElo "2351"]
[PlyCount "143"]
[EventDate "2025.07.04"]
[EventType "swiss"]
[EventRounds "9"]
[EventCountry "WLS"]
[SourceTitle "CB29_2025"]
[SourceDate "2025.07.16"]
[SourceVersion "1"]
[SourceVersionDate "2025.07.16"]
[SourceQuality "1"]

1. Nf3 d5 2. g3 Nf6 3. Bg2 g6 4. c4 c6 5. Qa4 Nbd7 6. cxd5 Nb6 7. Qb3 Qxd5 8. Qa3 Qd6 9. b3 Bg7 10. Bb2 0-0 11. 0-0 Qxa3 12. Nxa3 Bg4 13. d3 Bxf3 14. Bxf3 Nfd5 15. Bxg7 Kxg7 16. Nc4 Rfd8 17. Rfc1 e6 18. Rab1 a5 19. a3 Nc8 20. d4 Nc7 21. e3 Nb5 22. a4 Nbd6 23. h4 h5 24. Kf1 Kf8 25. Ke2 Ke8 26. Ne5 Ne7 27. Nd3 Kd7 28. Rc5 Kc7 29. Rbc1 Kb8 30. Rb1 Kc7 31. Nf4 Ndc8 32. Bg2 Nb6 33. Rbc1 Kb8 34. Nd3 Nbc8 35. Ne5 Nd6 36. e4 Ra6 37. Ke3 Rb6 38. R1c3 Ra6 39. Bf1 Ra8 40. f3 Ng8 41. Rc1 Nf6 42. R5c2 Nd7 43. g4 hxg4 44. fxg4 Nf6 45. Bd3 Rh8 46. Rf1 Nfe8 47. Rh2 Rh7 48. h5 Kc7 49. h6 g5 50. Nf3 Nf6 51. Rg1 Rah8 52. e5 Nd5+ 53. Kf2 Rxh6 54. exd6+ Kxd6 55. Rxh6 Rxh6 56. Nxg5 Ke7 57. Kg3 Rh8 58. Rf1 f6 59. Nf3 Kd6 60. g5 fxg5 61. Ne5 Rh4 62. Nf7+ Ke7 63. Nxg5 Rxd4 64. Rf7+ Kd6 65. Bc4 b5 66. axb5 cxb5 67. Bxb5 Rb4 68. Rd7+ Ke5 69. Nf3+ Kf6 70. Ba4 Nc3 71. Ra7 Nxa4 72. bxa4 1/2-1/2

[Event "South Wales op 20th"]
[Site "Bridgend"]
[Date "2025.07.07"]
[Round "6"]
[White "Balaji, Aaravamudhan"]
[Black "Kalavannan, Koby"]
[Result "1-0"]
[WhiteElo "2351"]
[BlackElo "2329"]
[PlyCount "95"]
[EventDate "2025.07.04"]
[EventType "swiss"]
[EventRounds "9"]
[EventCountry "WLS"]
[SourceTitle "CB29_2025"]
[SourceDate "2025.07.16"]
[SourceVersion "1"]
[SourceVersionDate "2025.07.16"]
[SourceQuality "1"]

1. d4 d6 2. Nf3 Nf6 3. c4 g6 4. Nc3 Bg7 5. e4 Bg4 6. Be2 Bxf3 7. Bxf3 e5 8. d5 h5 9. Be3 Bh6 10. Bxh6 Rxh6 11. Qd2 Rh8 12. 0-0 Nbd7 13. b4 a5 14. a3 Kf8 15. h3 Kg7 16. Qe3 Qe7 17. Rfd1 Ne8 18. Na4 b6 19. Rdc1 axb4 20. axb4 Rh6 21. Nc3 Rc8 22. Ra7 Qh4 23. Bd1 f5 24. exf5 gxf5 25. Ba4 Ndf6 26. c5 Qxb4 27. Qg5+ Rg6 28. Qxf5 Rd8 29. Bc2 e4 30. Nxe4 Qb2 31. Raa1 Qe5 32. Nxf6 Rxf6 33. Qh7+ Kf8 34. Re1 Rf7 35. Rxe5 Rxh7 36. Rxe8+ Rxe8 37. Bxh7 dxc5 38. Ra7 Re7 39. Bd3 Rd7 40. Bc4 Ke7 41. Bb5 Rxd5 42. Rxc7+ Kf6 43. Rc6+ Kg5 44. Rxb6 Rd1+ 45. Bf1 h4 46. Rc6 Rc1 47. f3 Rc2 48. Rg6+ 1-0

[Event "South Wales op 20th"]
[Site "Bridgend"]
[Date "2025.07.05"]
[Round "3"]
[White "Burrows, Martin P"]
[Black "Balaji, Aaravamudhan"]
[Result "0-1"]
[WhiteElo "2057"]
[BlackElo "2351"]
[PlyCount "88"]
[EventDate "2025.07.04"]
[EventType "swiss"]
[EventRounds "9"]
[EventCountry "WLS"]
[SourceTitle "CB29_2025"]
[SourceDate "2025.07.16"]
[SourceVersion "1"]
[SourceVersionDate "2025.07.16"]
[SourceQuality "1"]

1. e4 e5 2. Nf3 Nc6 3. Bb5 a6 4. Ba4 Nf6 5. 0-0 b5 6. Bb3 Bc5 7. c3 d6 8. a4 Rb8 9. d4 Bb6 10. a5 Ba7 11. h3 0-0 12. Be3 Ra8 13. Nbd2 h6 14. Re1 Re8 15. Nf1 exd4 16. cxd4 Rxe4 17. Ng3 Re7 18. Qd2 Qf8 19. Rac1 Bd7 20. Nh4 d5 21. Nhf5 Re6 22. Bc2 Qb4 23. Qd3 Ne4 24. Nxe4 dxe4 25. Qd1 Ree8 26. Qg4 Bxf5 27. Qxf5 Qe7 28. Bxh6 Nxd4 29. Qg4 f5 30. Qg3 c5 31. Be3 c4 32. Bxd4 Bxd4 33. b3 Rac8 34. Kh1 Qc5 35. Re2 c3 36. b4 Qc4 37. Ree1 Be5 38. Qg5 Qf7 39. Rb1 Qf6 40. Bb3+ Kf8 41. Qh5 Ke7 42. Qe2 Red8 43. Red1 Qh6 44. f4 Qxf4 0-1

[Event "WchT Blitz Pool C"]
[Site "London"]
[Date "2025.06.14"]
[Round "10.4"]
[White "Nurmanova, Alua"]
[Black "Balaji, Aaravamudhan"]
[Result "1-0"]
[WhiteElo "2339"]
[BlackElo "2346"]
[PlyCount "103"]
[EventDate "2025.06.14"]
[EventType "team-tourn"]
[EventRounds "13"]
[EventCountry "ENG"]
[SourceTitle "CB25_2025"]
[SourceDate "2025.06.18"]
[SourceVersion "1"]
[SourceVersionDate "2025.06.18"]
[SourceQuality "1"]
[WhiteTeam "Rookies"]
[BlackTeam "Wood Green Youth"]
[WhiteTeamCountry "KAZ"]
[BlackTeamCountry "ENG"]

1. e4 e5 2. Nf3 Nc6 3. Bb5 a6 4. Ba4 Nf6 5. 0-0 Be7 6. Re1 b5 7. Bb3 d6 8. c3 0-0 9. h3 Nb8 10. d4 Nbd7 11. Nbd2 Bb7 12. Bc2 Re8 13. Nf1 Bf8 14. Ng3 g6 15. a4 c5 16. d5 c4 17. Bg5 h6 18. Be3 Bg7 19. Qd2 h5 20. Nh2 Nc5 21. f3 Nfd7 22. Rf1 Qe7 23. Bg5 Bf6 24. Bxf6 Qxf6 25. f4 exf4 26. Rxf4 Qg7 27. Raf1 Ne5 28. Nf3 Re7 29. Nxe5 Qxe5 30. a5 Rf8 31. Ne2 Bc8 32. Nd4 Bd7 33. Qf2 Be8 34. Rf6 Nd7 35. Nc6 Qxf6 36. Qxf6 Nxf6 37. Nxe7+ Kg7 38. Nc8 h4 39. Nxd6 Nh5 40. e5 Ng3 41. Re1 Bd7 42. Nb7 Bf5 43. Bxf5 Nxf5 44. d6 b4 45. d7 bxc3 46. bxc3 Ne7 47. d8Q Rxd8 48. Nxd8 Nd5 49. Re4 Nxc3 50. Rxc4 Nb5 51. Rxh4 Kf8 52. Rf4 1-0

[Event "WchT Rapid"]
[Site "London"]
[Date "2025.06.12"]
[Round "7.2"]
[White "Balaji, Aaravamudhan"]
[Black "Goh, Jinghan Cameron"]
[Result "1-0"]
[WhiteElo "2278"]
[BlackElo "1992"]
[PlyCount "71"]
[EventDate "2025.06.11"]
[EventType "team-swiss"]
[EventRounds "12"]
[EventCountry "ENG"]
[SourceTitle "CB25_2025"]
[SourceDate "2025.06.18"]
[SourceVersion "1"]
[SourceVersionDate "2025.06.18"]
[SourceQuality "1"]
[WhiteTeam "Wood Green Youth"]
[BlackTeam "Oxbridge"]
[WhiteTeamCountry "ENG"]
[BlackTeamCountry "ENG"]

1. d4 Nf6 2. c4 e6 3. Nc3 Bb4 4. e3 0-0 5. Bd3 d5 6. a3 Bxc3+ 7. bxc3 c6 8. Ne2 b6 9. 0-0 Ba6 10. cxd5 cxd5 11. f3 Bxd3 12. Qxd3 Nc6 13. e4 Qc7 14. Bg5 Nd7 15. exd5 exd5 16. Qf5 Qd6 17. Rae1 Rfe8 18. Nf4 f6 19. Bh4 Ne7 20. Qg4 Nf8 21. Bg3 Qxa3 22. Nh5 Neg6 23. f4 Qxc3 24. f5 a5 25. fxg6 hxg6 26. Nf4 Rxe1 27. Rxe1 Qxd4+ 28. Bf2 Qc4 29. Qf3 b5 30. Nxd5 Rd8 31. Ne7+ Kf7 32. Nc6 Rd5 33. Ne5+ Rxe5 34. Rxe5 Nd7 35. Qd5+ Qxd5 36. Rxd5 1-0

[Event "Cambridge op 3rd"]
[Site "Cambridge"]
[Date "2025.05.29"]
[Round "6"]
[White "Balaji, Aaravamudhan"]
[Black "Cole, James"]
[Result "1-0"]
[WhiteElo "2346"]
[BlackElo "1972"]
[PlyCount "145"]
[EventDate "2025.05.26"]
[EventType "tourn"]
[EventRounds "9"]
[EventCountry "ENG"]
[SourceTitle "CB23_2025"]
[SourceDate "2025.06.04"]
[SourceVersion "1"]
[SourceVersionDate "2025.06.04"]
[SourceQuality "1"]

1. Nf3 Nf6 2. d4 g6 3. b3 Bg7 4. Bb2 c5 5. dxc5 0-0 6. e3 Qa5+ 7. c3 Qxc5 8. Ba3 Qc7 9. Bxe7 Re8 10. Bd6 Qa5 11. Bd3 Na6 12. 0-0 Qd5 13. Bf4 Nc5 14. Bc4 Qxd1 15. Rxd1 Nfe4 16. Nd4 a6 17. Bd5 Nf6 18. Bf3 Nfe4 19. Ne2 f5 20. Na3 b5 21. Bd6 Ra7 22. Bxc5 Nxc5 23. Nc2 Rc7 24. Nb4 Ne4 25. Nd5 Rc5 26. Bxe4 fxe4 27. Nb6 b4 28. Rac1 bxc3 29. Na4 Rc7 30. Naxc3 Bb7 31. Na4 Rec8 32. Kf1 Be5 33. h3 d6 34. Ke1 Kf7 35. Kd2 Ke6 36. Nb6 Rxc1 37. Rxc1 Rc5 38. Rxc5 dxc5 39. Nc4 Bc7 40. Nc3 Bc6 41. Kc2 g5 42. Nd2 Ke5 43. Na4 Kd6 44. Nc4+ Kd5 45. Nc3+ Ke6 46. Kd2 h5 47. Ke2 g4 48. hxg4 hxg4 49. g3 Bd8 50. Kd2 Bc7 51. Ne2 Bb5 52. Nf4+ Kf5 53. Nd5 Bd8 54. Kc3 Bxc4 55. Kxc4 Ba5 56. b4 cxb4 57. Nxb4 Ke6 58. Nxa6 Be1 59. Kd4 Bxf2 60. Nc5+ Kf5 61. Nxe4 Be1 62. a4 Ke6 63. Kd3 Kf5 64. Ke2 Bb4 65. Nd2 Ke5 66. a5 Kd5 67. a6 Bc5 68. Kd3 Ba7 69. e4+ Kc6 70. Nc4 Bf2 71. e5 Bxg3 72. e6 Bb8 73. Ne5+ 1-0

[Event "Titled Tuesday intern op 04th Mar Early"]
[Site "Chess.com INT"]
[Date "2025.03.04"]
[Round "8"]
[White "Tari, Aryan"]
[Black "Balaji, Aaravamudhan"]
[Result "1-0"]
[WhiteElo "2621"]
[BlackElo "2346"]
[PlyCount "135"]
[EventDate "2025.03.04"]
[EventType "swiss (blitz)"]
[EventRounds "11"]
[EventCountry "USA"]
[SourceTitle "CB11_2025"]
[SourceDate "2025.03.12"]
[SourceVersion "1"]
[SourceVersionDate "2025.03.12"]
[SourceQuality "1"]

1. c4 b6 2. b3 Bb7 3. Bb2 e6 4. Nf3 Nf6 5. d3 Be7 6. e4 d6 7. Be2 0-0 8. 0-0 c5 9. Nc3 a6 10. Re1 Nbd7 11. Bf1 Qc7 12. d4 cxd4 13. Nxd4 Rac8 14. Rc1 Qb8 15. h3 Rfd8 16. g3 Ne5 17. Bg2 Nfd7 18. f4 Nc6 19. Nf3 Nc5 20. Qe2 Bf6 21. Rcd1 b5 22. g4 bxc4 23. g5 Be7 24. bxc4 Na5 25. Nd2 e5 26. h4 Ne6 27. f5 Nf4 28. Qg4 Nxc4 29. Nxc4 Rxc4 30. f6 Bf8 31. Rd2 Bc8 32. Qg3 Be6 33. Bf1 Rc6 34. Ne2 Nxe2+ 35. Bxe2 Rdc8 36. Bd3 g6 37. h5 Qa7+ 38. Kh1 Qc7 39. Qh4 Qb7 40. Rh2 Rb6 41. Ree2 Rb8 42. Ref2 Qc7 43. hxg6 fxg6 44. f7+ Qxf7 45. Rxf7 Kxf7 46. Qxh7+ Ke8 47. Rf2 Rxb2 48. Qxg6+ Kd7 49. Rxb2 Rxb2 50. Qh7+ Be7 51. Bf1 Rb1 52. Kg2 Rb2+ 53. Kg3 Rxa2 54. g6 Ra3+ 55. Kf2 Ra2+ 56. Ke3 Ra3+ 57. Kd2 Ra2+ 58. Kc3 Ra3+ 59. Kb2 Rg3 60. Bxa6 Rg2+ 61. Kc3 Rg3+ 62. Kd2 Rg2+ 63. Ke3 Rg3+ 64. Kf2 Rg4 65. Be2 Rg5 66. Bb5+ Kd8 67. Qh8+ Kc7 68. Qe8 1-0

[Event "BCF-chT 2425 (4NCL)"]
[Site "England"]
[Date "2025.02.16"]
[Round "6.26"]
[White "Balaji, Aaravamudhan"]
[Black "Varnam, Liam"]
[Result "1-0"]
[WhiteElo "2348"]
[BlackElo "2033"]
[PlyCount "51"]
[EventDate "2024.11.23"]
[EventType "team-swiss"]
[EventRounds "11"]
[EventCountry "ENG"]
[SourceTitle "CB14_2025"]
[SourceDate "2024.11.01"]
[SourceVersion "1"]
[SourceVersionDate "2024.11.01"]
[SourceQuality "1"]
[WhiteTeam "Wood Green Youth"]
[BlackTeam "The Sharks"]
[WhiteTeamCountry "ENG"]
[BlackTeamCountry "ENG"]

1. d4 d5 2. c4 dxc4 3. Nf3 Nf6 4. e3 e6 5. Bxc4 c5 6. 0-0 a6 7. a4 Nc6 8. Nc3 cxd4 9. exd4 Be7 10. Re1 0-0 11. Bf4 Nb4 12. Ne5 Nfd5 13. Bd2 Nb6 14. Bb3 Qxd4 15. a5 Nd7 16. Re4 Qd6 17. Nxf7 Qc7 18. Bf4 Qc5 19. Rxe6 Nf6 20. Re5 Qc7 21. Re4 Bg4 22. Qxg4 Qc5 23. Qe6 Nxe4 24. Nh6+ Kh8 25. Qg8+ Rxg8 26. Nf7# 1-0

[Event "Titled Tuesday intern op 04th Feb Early"]
[Site "Chess.com INT"]
[Date "2025.02.04"]
[Round "5"]
[White "Balaji, Aaravamudhan"]
[Black "Kakavand, Ramtin1"]
[Result "1-0"]
[WhiteElo "2348"]
[BlackElo "2106"]
[PlyCount "93"]
[EventDate "2025.02.04"]
[EventType "swiss (blitz)"]
[EventRounds "11"]
[EventCountry "USA"]
[SourceTitle "CB07_2025"]
[SourceDate "2025.02.12"]
[SourceVersion "1"]
[SourceVersionDate "2025.02.12"]
[SourceQuality "1"]

1. b3 e5 2. Bb2 Nc6 3. d3 Nf6 4. Nd2 d5 5. e3 Bd6 6. Ne2 0-0 7. Ng3 a5 8. a4 Ne7 9. Be2 c6 10. 0-0 Ng6 11. Qc1 Be6 12. Rd1 Qe7 13. Ra2 Rfe8 14. Qa1 Qc7 15. Rc1 Rac8 16. d4 e4 17. c4 Qd7 18. c5 Bc7 19. b4 axb4 20. a5 Ng4 21. a6 bxa6 22. Rxa6 f5 23. Bxg4 fxg4 24. Qa4 Bb8 25. Nb3 Ne7 26. Qxb4 g6 27. Rca1 h5 28. Ne2 g5 29. Nc3 h4 30. Rb6 g3 31. fxg3 hxg3 32. h3 Bxh3 33. Rb7 Qg4 34. Nd1 Bxg2 35. Kxg2 Qf3+ 36. Kg1 Rf8 37. Qe1 g2 38. Qf2 Qh3 39. Qxg2 Rf1+ 40. Qxf1 Rf8 41. Qxh3 Rf1+ 42. Qxf1 g4 43. Qg2 Nf5 44. Qxg4+ Kf8 45. Qxf5+ Ke8 46. Rxb8+ Ke7 47. Ra7# 1-0

[Event "Titled Tuesday intern op 04th Feb Early"]
[Site "Chess.com INT"]
[Date "2025.02.04"]
[Round "2"]
[White "Balaji, Aaravamudhan"]
[Black "Kaplan, Avi Harrison"]
[Result "1-0"]
[WhiteElo "2348"]
[BlackElo "2357"]
[PlyCount "89"]
[EventDate "2025.02.04"]
[EventType "swiss (blitz)"]
[EventRounds "11"]
[EventCountry "USA"]
[SourceTitle "CB07_2025"]
[SourceDate "2025.02.12"]
[SourceVersion "1"]
[SourceVersionDate "2025.02.12"]
[SourceQuality "1"]

1. b3 d6 2. Bb2 e5 3. e4 c5 4. Nf3 Nc6 5. g3 Nf6 6. d3 g6 7. Bg2 Bg7 8. 0-0 0-0 9. Nbd2 Re8 10. a4 h6 11. h3 Kh7 12. Nh2 d5 13. Ng4 Nxg4 14. exd5 Nb4 15. hxg4 Nxd5 16. g5 hxg5 17. Ne4 f5 18. Nxg5+ Qxg5 19. Bxd5 e4 20. Bxg7 Kxg7 21. Kg2 Be6 22. Bxe6 Rxe6 23. dxe4 Rxe4 24. Qd5 Qe7 25. Rad1 Rc8 26. Rd2 c4 27. Rb1 c3 28. Rd3 Kh7 29. Rh1+ Kg7 30. a5 Rc5 31. Qd8 Qxd8 32. Rxd8 Re2 33. Rd7+ Kf6 34. Rxb7 Rxc2 35. Rxa7 Rb2 36. Ra6+ Kg7 37. Ra7+ Kf6 38. Ra6+ Ke5 39. Re1+ Kd5 40. b4 Rxb4 41. Rd1+ Kc4 42. Rb6 c2 43. Rc1 Rxb6 44. axb6 Kb5 45. b7 1-0

[Event "Titled Tuesday intern op 04th Feb Early"]
[Site "Chess.com INT"]
[Date "2025.02.04"]
[Round "3"]
[White "Balaji, Aaravamudhan"]
[Black "Maghsoodloo, Parham"]
[Result "1/2-1/2"]
[WhiteElo "2348"]
[BlackElo "2680"]
[PlyCount "120"]
[EventDate "2025.02.04"]
[EventType "swiss (blitz)"]
[EventRounds "11"]
[EventCountry "USA"]
[SourceTitle "CB07_2025"]
[SourceDate "2025.02.12"]
[SourceVersion "1"]
[SourceVersionDate "2025.02.12"]
[SourceQuality "1"]

1. b4 a5 2. b5 e5 3. Bb2 f6 4. e3 g6 5. c4 Bg7 6. d4 d6 7. Be2 Ne7 8. Nf3 0-0 9. 0-0 Be6 10. a4 Nd7 11. Nc3 g5 12. Rc1 h6 13. Ba3 Rf7 14. c5 dxc5 15. dxc5 f5 16. Nd2 e4 17. Bc4 Nf8 18. Bxe6 Nxe6 19. Nc4 Ng6 20. Qxd8+ Nxd8 21. g4 fxg4 22. Nxe4 Ne6 23. Rfd1 Nh4 24. c6 bxc6 25. bxc6 Nf3+ 26. Kg2 h5 27. Rd7 Ra6 28. Ncd6 cxd6 29. Rxf7 Kxf7 30. c7 Nxc7 31. Rxc7+ Kg6 32. Nxd6 Be5 33. Re7 h4 34. h3 gxh3+ 35. Kxh3 Bxd6 36. Re6+ Kf5 37. Rxd6 g4+ 38. Kg2 Rxd6 39. Bxd6 Nd2 40. Bc7 Nc4 41. f3 Nxe3+ 42. Kf2 Nd5 43. fxg4+ Kxg4 44. Bxa5 h3 45. Kg1 Kg3 46. Kh1 h2 47. Bd8 Kh3 48. a5 Nb4 49. Bc7 Nd3 50. Bxh2 Nc5 51. Bc7 Kg4 52. Kg2 Na6 53. Bd6 Kf5 54. Kf3 Ke6 55. Bf4 Kd5 56. Ke3 Kc6 57. Bc7 Kb5 58. Bb6 Nb4 59. Kd4 Nc6+ 60. Kd5 Nxa5 1/2-1/2

[Event "Titled Tuesday intern op 04th Feb Early"]
[Site "Chess.com INT"]
[Date "2025.02.04"]
[Round "1"]
[White "Sabatier, Mathis"]
[Black "Balaji, Aaravamudhan"]
[Result "0-1"]
[WhiteElo "2205"]
[BlackElo "2348"]
[PlyCount "74"]
[EventDate "2025.02.04"]
[EventType "swiss (blitz)"]
[EventRounds "11"]
[EventCountry "USA"]
[SourceTitle "CB07_2025"]
[SourceDate "2025.02.12"]
[SourceVersion "1"]
[SourceVersionDate "2025.02.12"]
[SourceQuality "1"]

1. e4 a6 2. d4 b5 3. Nf3 Bb7 4. Nbd2 e6 5. Bd3 c5 6. c3 d6 7. 0-0 Nd7 8. Re1 Ngf6 9. e5 dxe5 10. dxe5 Nd5 11. Ne4 Be7 12. Bg5 0-0 13. Bxe7 Qxe7 14. Nd6 Nxe5 15. Nxb7 Nxf3+ 16. Qxf3 Qxb7 17. Re5 Rad8 18. Bxh7+ Kxh7 19. Qh3+ Kg8 20. Rh5 f5 21. Rh8+ Kf7 22. Qh5+ Ke7 23. Rh7 Kd6 24. Qg5 Rd7 25. Re1 Kc7 26. b3 Kb8 27. c4 Nf6 28. Rh3 Ne4 29. Qf4+ Ka8 30. f3 Nf6 31. Qc1 Rfd8 32. f4 Rd2 33. Rg3 Nh5 34. Rg5 Nxf4 35. cxb5 Rxg2+ 36. Kf1 Rxg5 37. Qxf4 Qg2# 0-1

[Event "Titled Tuesday intern op 04th Feb Early"]
[Site "Chess.com INT"]
[Date "2025.02.04"]
[Round "4"]
[White "Theodorou, Nikolas"]
[Black "Balaji, Aaravamudhan"]
[Result "1-0"]
[WhiteElo "2611"]
[BlackElo "2348"]
[PlyCount "63"]
[EventDate "2025.02.04"]
[EventType "swiss (blitz)"]
[EventRounds "11"]
[EventCountry "USA"]
[SourceTitle "CB07_2025"]
[SourceDate "2025.02.12"]
[SourceVersion "1"]
[SourceVersionDate "2025.02.12"]
[SourceQuality "1"]

1. Nf3 b6 2. g3 Bb7 3. Bg2 e6 4. b3 Nf6 5. Bb2 Be7 6. 0-0 0-0 7. c4 c5 8. Nc3 d6 9. d4 cxd4 10. Qxd4 Nbd7 11. Rfd1 a6 12. Ba3 Nc5 13. Ng5 Qc7 14. Rac1 Bxg2 15. Kxg2 Qb7+ 16. Nf3 b5 17. Bxc5 dxc5 18. Qf4 Rfd8 19. h3 h6 20. Qe3 Rac8 21. Kg1 bxc4 22. bxc4 Qb4 23. Ne5 Rd4 24. Rxd4 cxd4 25. Qxd4 Bc5 26. Qf4 Bd6 27. Ne4 Nxe4 28. Qxf7+ Kh8 29. Qxe6 Qc5 30. Ng6+ Kh7 31. Qxe4 Kg8 32. Kg2 1-0

[Event "Titled Tuesday intern op 28th Jan Early"]
[Site "Chess.com INT"]
[Date "2025.01.28"]
[Round "6"]
[White "Balaji, Aaravamudhan"]
[Black "Harsh, Suresh"]
[Result "1-0"]
[WhiteElo "2350"]
[BlackElo "2414"]
[PlyCount "71"]
[EventDate "2025.01.28"]
[EventType "swiss (blitz)"]
[EventRounds "11"]
[EventCountry "USA"]
[SourceTitle "CB06_2025"]
[SourceDate "2025.02.05"]
[SourceVersion "1"]
[SourceVersionDate "2025.02.05"]
[SourceQuality "1"]

1. b3 a6 2. Bb2 d5 3. e3 c5 4. Nf3 Nc6 5. d4 cxd4 6. Nxd4 Nf6 7. Nxc6 bxc6 8. Nd2 Bf5 9. Nf3 e6 10. Bd3 Qa5+ 11. c3 Bxd3 12. Qxd3 Ba3 13. Bxa3 Qxa3 14. 0-0 0-0 15. c4 a5 16. Nd4 Rfc8 17. h3 g6 18. Qc2 a4 19. Rfc1 axb3 20. axb3 Qxa1 21. Rxa1 Rxa1+ 22. Kh2 Raa8 23. cxd5 Nxd5 24. e4 c5 25. Nb5 Nb4 26. Qc3 Rc6 27. h4 h5 28. g4 hxg4 29. h5 Kh7 30. Qf6 gxh5 31. Qxf7+ Kh6 32. e5 Nd5 33. Nd6 Nc7 34. Qf4+ Kh7 35. Qe4+ Kg7 36. Qxc6 1-0

[Event "Titled Tuesday intern op 28th Jan Early"]
[Site "Chess.com INT"]
[Date "2025.01.28"]
[Round "9"]
[White "Balaji, Aaravamudhan"]
[Black "Naroditsky, Daniel"]
[Result "1-0"]
[WhiteElo "2350"]
[BlackElo "2619"]
[PlyCount "143"]
[EventDate "2025.01.28"]
[EventType "swiss (blitz)"]
[EventRounds "11"]
[EventCountry "USA"]
[SourceTitle "CB06_2025"]
[SourceDate "2025.02.05"]
[SourceVersion "1"]
[SourceVersionDate "2025.02.05"]
[SourceQuality "1"]

1. b3 d5 2. Bb2 Bf5 3. Nf3 e6 4. g3 Nf6 5. Bg2 h6 6. 0-0 Be7 7. c4 0-0 8. d3 c6 9. Nbd2 Nbd7 10. Qc2 a5 11. a3 Bh7 12. Bc3 Re8 13. b4 Bd6 14. e4 dxe4 15. dxe4 c5 16. b5 e5 17. Rfd1 Qc7 18. Nh4 Nf8 19. Nf5 Ne6 20. Nf1 Nd4 21. Bxd4 exd4 22. Nxd6 Qxd6 23. f3 Nd7 24. Ne3 f5 25. Nxf5 Bxf5 26. exf5 Re3 27. f4 Nf6 28. Bxb7 Rae8 29. Bg2 Qe7 30. b6 Ng4 31. b7 Re2 32. Qd3 Rxg2+ 33. Kxg2 Qxb7+ 34. Kg1 Re3 35. Qd2 Qe4 36. Qg2 Qxf5 37. Qd5+ Qxd5 38. cxd5 Nf6 39. d6 Re6 40. Rac1 Nd7 41. Re1 Rxd6 42. Re7 d3 43. Kf2 d2 44. Rd1 c4 45. Re3 Nc5 46. Ke2 Nb3 47. Rc3 Re6+ 48. Kf2 Rc6 49. Ke2 Re6+ 50. Kf2 Re4 51. h4 h5 52. Re3 Rd4 53. Rc3 Kf7 54. Ke3 Rd7 55. Rxc4 Re7+ 56. Kf2 Re1 57. Rxe1 dxe1Q+ 58. Kxe1 Kf6 59. Rc6+ Kf5 60. Rc7 g6 61. Rf7+ Ke6 62. Rg7 Kf5 63. Rb7 Nd4 64. Kf2 Nc2 65. Rb5+ Kg4 66. Rg5+ Kh3 67. Rxg6 Nxa3 68. f5 Nc4 69. f6 Ne5 70. Rg5 Nf7 71. Rg7 Nd6 72. f7 1-0

[Event "Titled Tuesday intern op 28th Jan Early"]
[Site "Chess.com INT"]
[Date "2025.01.28"]
[Round "4"]
[White "Drozdowski, Kacper"]
[Black "Balaji, Aaravamudhan"]
[Result "0-1"]
[WhiteElo "2450"]
[BlackElo "2350"]
[PlyCount "140"]
[EventDate "2025.01.28"]
[EventType "swiss (blitz)"]
[EventRounds "11"]
[EventCountry "USA"]
[SourceTitle "CB06_2025"]
[SourceDate "2025.02.05"]
[SourceVersion "1"]
[SourceVersionDate "2025.02.05"]
[SourceQuality "1"]

1. e4 b6 2. d4 Bb7 3. Bd3 e6 4. Qe2 d5 5. exd5 Qxd5 6. Nf3 Nf6 7. 0-0 Qh5 8. Nbd2 Bd6 9. h3 Nbd7 10. Ne4 0-0 11. Nxd6 Bxf3 12. Qxf3 Qxf3 13. gxf3 cxd6 14. a4 a5 15. c3 Nd5 16. Re1 Rfc8 17. f4 g6 18. Bd2 N7f6 19. Kg2 Rab8 20. Kf3 Kf8 21. Rec1 Ke7 22. Rab1 Nc7 23. c4 Na6 24. b3 Nb4 25. Be2 Nh5 26. Ra1 Ra8 27. Be3 Ng7 28. Rd1 Nf5 29. Rac1 d5 30. Kg2 Rc7 31. Bg4 Rac8 32. Bxf5 gxf5 33. c5 bxc5 34. Rxc5 Rxc5 35. dxc5 Nc2 36. Rc1 Nxe3+ 37. fxe3 Kd7 38. Kf3 Kc6 39. Ke2 Rb8 40. Rc3 Rg8 41. Kf2 Rg7 42. Rc2 Rg8 43. Rc1 Rg7 44. Rc3 Rg8 45. Rc1 Rb8 46. Rc3 Rb4 47. Ke2 Re4 48. Kd3 Rb4 49. Kc2 d4 50. exd4 Rxd4 51. Rf3 Kxc5 52. Kc3 Re4 53. h4 h5 54. Rf2 Re3+ 55. Kc2 Rh3 56. Rd2 Rxh4 57. Rd7 Rxf4 58. Rxf7 h4 59. Rc7+ Kd5 60. Ra7 Ke4 61. Rxa5 h3 62. Ra6 Rh4 63. Rxe6+ Kf3 64. Re1 h2 65. Rh1 Kg2 66. Rxh2+ Kxh2 67. a5 f4 68. b4 f3 69. a6 Rxb4 70. a7 Ra4 0-1

[Event "Titled Tuesday intern op 28th Jan Early"]
[Site "Chess.com INT"]
[Date "2025.01.28"]
[Round "1"]
[White "Sernecki, Franciszek"]
[Black "Balaji, Aaravamudhan"]
[Result "0-1"]
[WhiteElo "2344"]
[BlackElo "2350"]
[PlyCount "62"]
[EventDate "2025.01.28"]
[EventType "swiss (blitz)"]
[EventRounds "11"]
[EventCountry "USA"]
[SourceTitle "CB06_2025"]
[SourceDate "2025.02.05"]
[SourceVersion "1"]
[SourceVersionDate "2025.02.05"]
[SourceQuality "1"]

1. e4 b6 2. d4 Bb7 3. Nc3 e6 4. f4 Bb4 5. Bd3 Nf6 6. Qe2 d5 7. e5 Ne4 8. Bd2 Nxd2 9. Qxd2 c5 10. Bb5+ Bc6 11. dxc5 Bxb5 12. 0-0-0 bxc5 13. a3 Bxc3 14. Qxc3 Qb6 15. Nf3 Nc6 16. f5 d4 17. Qb3 c4 18. Qa2 0-0 19. fxe6 fxe6 20. Ng5 Nxe5 21. Rhe1 Rf5 22. h4 d3 23. Re4 Qf2 24. Rd2 Qg1+ 25. Rd1 Rf1 26. Rxf1 Qxf1+ 27. Kd2 Qf2+ 28. Kc3 Qxc2+ 29. Kd4 d2 30. Kxe5 d1Q 31. Nxe6 Re8 0-1

[Event "Hastings Masters op 98th"]
[Site "Hastings"]
[Date "2025.01.01"]
[Round "7"]
[White "Royal, Shreyas"]
[Black "Balaji, Aaravamudhan"]
[Result "1/2-1/2"]
[WhiteElo "2522"]
[BlackElo "2364"]
[PlyCount "140"]
[EventDate "2024.12.28"]
[EventType "swiss"]
[EventRounds "9"]
[EventCountry "ENG"]
[SourceTitle "CB02_2025"]
[SourceDate "2025.01.08"]
[SourceVersion "1"]
[SourceVersionDate "2025.01.08"]
[SourceQuality "1"]

1. e4 e5 2. Nf3 Nc6 3. Bc4 Nf6 4. d3 Be7 5. 0-0 0-0 6. Re1 d6 7. a4 Be6 8. Bxe6 fxe6 9. c3 a5 10. Qb3 Qd7 11. Nbd2 b6 12. Nf1 Rae8 13. Ng3 Kh8 14. Bd2 Bd8 15. d4 exd4 16. cxd4 Ne7 17. h4 Ng4 18. h5 Ng8 19. Re2 Qf7 20. Rc1 N8f6 21. Qb5 c5 22. dxc5 dxc5 23. Ng5 Qd7 24. Qb3 Bc7 25. Rce1 Be5 26. Nh3 c4 27. Qxc4 Bxg3 28. fxg3 Rc8 29. Qb3 Nxe4 30. Rxe4 Qxd2 31. Qd1 Qxd1 32. Rxd1 Nf6 33. Rxe6 Nxh5 34. g4 Nf4 35. Rxb6 h6 36. Rd2 Rc4 37. b3 Rc3 38. Nxf4 Rxf4 39. Rb5 Rxg4 40. Rxa5 Rxb3 41. Ra2 Rgg3 42. Rc5 Rb6 43. a5 Ra6 44. Kf2 Rb3 45. Ra4 Kh7 46. g4 Kg6 47. Rf5 Kh7 48. Ke2 g6 49. Rc5 Kg7 50. Kd2 Kf7 51. Kc2 Rb7 52. Re4 Kf6 53. Kc3 Rb1 54. Ra4 h5 55. gxh5 Rc1+ 56. Kb4 Rxc5 57. Kxc5 gxh5 58. Kb5 Ra8 59. Kb6 Kg5 60. Kb7 Re8 61. a6 h4 62. a7 h3 63. Ra2 Re7+ 64. Kc6 Rxa7 65. Rxa7 Kg4 66. Kd5 h2 67. Rh7 Kg3 68. Ke4 Kg2 69. Rg7+ Kf2 70. Rh7 Kg2 1/2-1/2